[Event "Fagernes International 2022"]
[Site "Fagernes"]
[Date "2022.04.12"]
[Round "3.10"]
[White "Myagmarsuren, Evsuld"]
[Black "Hellesoy, David"]
[Result "1-0"]
[WhiteElo "1858"]
[BlackElo "1561"]
[Annotator "NA RC"]
[PlyCount "51"]
[EventDate "2022.04.10"]
[EventCountry "NOR"]
[SourceTitle "playchess.com"]
[Source "ChessBase"]
[SourceQuality "1"]

1. e4 {[%emt 0:00:01]} c5 {[%emt 0:02:23]} 2. Nf3 {[%emt 0:00:06]} d6 {[%emt 0:00:07]} 3. d4 {[%emt 0:00:04]} cxd4 {[%emt 0:00:06]} 4. Nxd4 {[%emt 0:00:05]} Nf6 {[%emt 0:00:08]} 5. Nc3 {[%emt 0:00:06]} Nc6 {[%emt 0:00:19]} 6. h3 {[%emt 0:02:20]} Qb6 {[%emt 0:03:35]} 7. Be3 {[%emt 0:12:50]} Qxb2 {[%emt 0:03:24]} 8. Ndb5 {[%emt 0:02:12]} Qb4 {[%emt 0:10:42]} 9. Bd2 {[%emt 0:08:29]} Nxe4 {[%emt 0:05:49]} 10. a3 {[%emt 0:02:45]} Qc5 {[%emt 0:11:57]} 11. Nxe4 {[%emt 0:00:49]} Qe5 {[%emt 0:00:26]} 12. Bd3 {[%emt 0:01:49]} ({Resist} 12. Nc7+ Kd7 13. Nxa8 Qxe4+ 14. Be3 b6 $18) 12... d5 {[%emt 0:02:00]} 13. f4 {[%emt 0:03:22]} Qb8 {[%emt 0:03:04]} 14. Ng5 {[%emt 0:06:04]} h6 {[%emt 0:06:25]} 15. Qh5 {[%emt 0:06:36]} hxg5 {[%emt 0:00:18]} 16. Qxh8 {[%emt 0:00:09]} gxf4 {[%emt 0:00:10]} 17. O-O {[%emt 0:00:20]} e5 {[%emt 0:02:38]} 18. c4 {[%emt 0:03:52]} dxc4 {[%emt 0:03:27]} 19. Bxc4 {[%emt 0:00:10]} Bf5 {[%emt 0:04:26]} 20. Rae1 {[%emt 0:04:59]} a6 {[%emt 0:04:22] [#]} 21. Qg8 $18 {[%emt 0:14:50]} Bg6 {[%emt 0:05:22]} 22. Rxf4 {[%emt 0:08:32]} Nd8 {[%emt 0:04:24]} 23. Bb4 {[%emt 0:01:51]} Kd7 {[%emt 0:08:51]} 24. Qxf8 {[%emt 0:01:28]} axb5 {[%emt 0:02:45]} 25. Rd1+ {[%emt 0:00:42]} Kc6 {[%emt 0:00:26]} 26. Qc5# {[%emt 0:00:29]} 1-0

[Event "Fagernes International 2022"]
[Site "Fagernes"]
[Date "2022.04.12"]
[Round "3.11"]
[White "Johansen, Aleksander"]
[Black "Kittilsen, Sigurd"]
[Result "1/2-1/2"]
[WhiteElo "1506"]
[BlackElo "1848"]
[Annotator "NA RC"]
[PlyCount "30"]
[EventDate "2022.04.10"]
[EventCountry "NOR"]
[SourceTitle "playchess.com"]
[Source "ChessBase"]
[SourceQuality "1"]

1. d4 {[%emt 0:00:02]} Nf6 {[%emt 0:00:35]} 2. c4 {[%emt 0:00:35]} e6 {[%emt 0:00:37]} 3. Nf3 {[%emt 0:00:08]} Bb4+ {[%emt 0:00:36]} 4. Bd2 {[%emt 0:00:17]} Qe7 {[%emt 0:00:50]} 5. g3 {[%emt 0:01:25]} b6 {[%emt 0:06:08]} 6. Bg2 {[%emt 0:00:22]} Bb7 {[%emt 0:01:40]} 7. O-O {[%emt 0:00:32]} Bxd2 {[%emt 0:01:23]} 8. Nbxd2 {[%emt 0:01:40]} O-O {[%emt 0:00:40]} 9. Qc2 {[%emt 0:02:43]} d6 {[%emt 0:02:09]} 10. e4 {[%emt 0:01:01]} e5 {[%emt 0:00:28]} 11. d5 {[%emt 0:00:58]} a5 {[%emt 0:00:48]} 12. Ne1 {[%emt 0:01:38]} Na6 {[%emt 0:00:45]} 13. Nd3 {[%emt 0:01:00]} Nd7 {[%emt 0:01:28]} 14. f4 {[%emt 0:01:55]} exf4 {[%emt 0:03:07]} 15. gxf4 {[%emt 0:00:25]} Nac5 {[%emt 0:02:27]} 1/2-1/2

[Event "Fagernes International 2022"]
[Site "Fagernes"]
[Date "2022.04.12"]
[Round "3.12"]
[White "Pedersen, Max Moe"]
[Black "Stenseng, Benjamin"]
[Result "1-0"]
[WhiteElo "1933"]
[BlackElo "1578"]
[Annotator "RC"]
[PlyCount "151"]
[EventDate "2022.04.10"]
[EventCountry "NOR"]
[SourceTitle "playchess.com"]
[Source "ChessBase"]
[SourceQuality "1"]

1. d4 Nf6 2. c4 c5 3. d5 e6 4. Nc3 exd5 5. cxd5 d6 6. Nf3 g6 7. Nd2 Nbd7 8. e4 Bg7 9. Be2 O-O 10. O-O Re8 11. a4 a6 12. Re1 Rb8 13. a5 h6 14. Qc2 Nh7 15. f4 Qh4 16. Nf3 Qd8 17. Be3 b5 18. axb6 Qxb6 19. Ra2 Nhf6 20. h3 Qb3 21. Qxb3 Rxb3 22. Nd2 Rb4 23. Bxa6 Bxa6 24. Rxa6 Nb6 25. b3 Nc8 26. Rc1 Nd7 27. Kf2 f5 28. exf5 gxf5 29. Nc4 Rxb3 30. Nxd6 Nxd6 31. Rxd6 Nf6 32. Rxf6 Bxf6 33. Nd1 Bd4 34. Bxd4 cxd4 35. Rc4 {[%emt 65:21:08]} Rd3 36. Rc1 {[%emt 0:01:40]} Re4 37. g3 {[%emt 0:02:36]} Rd2+ 38. Kf1 {[%emt 0:01:40]} Kf8 39. d6 {[%emt 0:01:26]} Ke8 40. Nf2 {[%emt 0:00:42]} Re3 41. Re1 {[%emt 0:03:47]} Kd7 42. g4 {[%emt 0:01:04]} fxg4 43. hxg4 {[%emt 0:04:37]} Rf3 44. Re2 Rxe2 45. Kxe2 Rxf4 46. Nd3 {[%emt 0:04:15]} Kxd6 47. Nxf4 Ke5 48. Kf3 Kf6 49. Kg3 Kg5 50. Ne6+ Kg6 51. Nf4+ {[%emt 0:04:48]} Kg5 52. Nh3+ Kg6 53. Kf4 d3 54. Ke3 d2 55. Kxd2 Kf6 56. Ke3 Ke5 57. Kf3 Kf6 58. Kf4 Ke6 59. Ke4 Kf6 60. Kd5 h5 61. gxh5 Kf5 62. Nf4 {[%emt 0:21:20]} Kf6 63. h6 {[%emt 0:00:46]} Kf7 64. Ke5 {[%emt 0:00:20]} Kf8 65. Kf6 {[%emt 0:01:16]} Kg8 66. Kg6 {[%emt 0:00:12]} Kh8 67. Nd3 {[%emt 0:00:14]} Kg8 68. Ne5 {[%emt 0:00:16]} Kh8 69. Nf7+ {[%emt 0:00:41]} Kg8 70. h7+ {[%emt 0:00:08]} Kf8 71. h8=Q+ {[%emt 0:00:17]} Ke7 72. Qe5+ {[%emt 0:00:21]} Kd7 73. Qd6+ {[%emt 0:00:11]} Kc8 74. Qe7 {[%emt 0:00:13]} Kb8 75. Nd6 {[%emt 0:00:13]} Ka8 76. Qb7# 1-0

[Event "Fagernes International 2022"]
[Site "Fagernes"]
[Date "2022.04.12"]
[Round "3.13"]
[White "Dybvik, Bjorn Noralf"]
[Black "Wiig, Ole Martin"]
[Result "1/2-1/2"]
[WhiteElo "1487"]
[BlackElo "1797"]
[Annotator "NA RC"]
[PlyCount "102"]
[EventDate "2022.04.10"]
[EventCountry "NOR"]
[SourceTitle "playchess.com"]
[Source "ChessBase"]
[SourceQuality "1"]

1. e4 {[%emt 0:04:00]} d6 {[%emt 0:00:16]} 2. d4 {[%emt 0:01:08]} Nf6 {[%emt 0:00:07]} 3. Nd2 {[%emt 0:00:54]} Nbd7 {[%emt 0:01:31]} 4. Ngf3 {[%emt 0:00:37]} e5 {[%emt 0:00:24]} 5. Bc4 {[%emt 0:02:27]} Be7 {[%emt 0:00:11]} 6. O-O {[%emt 0:00:51]} c6 {[%emt 0:00:56]} 7. c3 {[%emt 0:01:22]} O-O {[%emt 0:05:38]} 8. Re1 {[%emt 0:02:23]} b5 {[%emt 0:04:40]} 9. Bb3 {[%emt 0:00:57]} a5 {[%emt 0:03:51]} 10. Bc2 {[%emt 0:04:00]} Qc7 {[%emt 0:03:16]} 11. Nf1 {[%emt 0:01:53]} Ne8 {[%emt 0:06:49]} 12. Ne3 {[%emt 0:06:27]} g6 {[%emt 0:01:57]} 13. g3 {[%emt 0:05:41]} Ng7 {[%emt 0:01:41]} 14. Ng2 {[%emt 0:03:11]} f5 {[%emt 0:02:53]} 15. Bb3+ {[%emt 0:07:06]} Kh8 {[%emt 0:01:08]} 16. Bg5 {[%emt 0:07:00]} Bxg5 {[%emt 0:09:14]} 17. Nxg5 {[%emt 0:00:32]} Nf6 {[%emt 0:00:24]} 18. Bc2 {[%emt 0:04:44]} h6 {[%emt 0:08:24]} 19. Nh4 {[%emt 0:09:53]} hxg5 {[%emt 0:15:00]} 20. Nxg6+ {[%emt 0:00:56]} Kg8 {[%emt 0:00:18]} 21. Nxf8 {[%emt 0:02:45]} Kxf8 {[%emt 0:00:23]} 22. exf5 {[%emt 0:04:24]} a4 {[%emt 0:14:11]} 23. Qd2 {[%emt 0:04:25]} Nh7 {[%emt 0:03:17]} 24. f6 {[%emt 0:04:22]} Nf5 {[%emt 0:05:10]} 25. Qe2 {[%emt 0:06:59]} Nxf6 {[%emt 0:09:39]} 26. Bxf5 {[%emt 0:05:36]} Bxf5 {[%emt 0:00:37]} 27. dxe5 {[%emt 0:03:20]} Ng4 {[%emt 0:04:47]} 28. exd6 {[%emt 0:03:00]} Qxd6 {[%emt 0:01:02]} 29. Qf3 {[%emt 0:03:46]} Qg6 {[%emt 0:00:44]} 30. h3 {[%emt 0:02:14]} Nf6 {[%emt 0:02:01]} 31. Qxc6 {[%emt 0:02:37]} Rc8 {[%emt 0:00:45]} 32. Qd6+ {[%emt 0:00:42]} Kg7 {[%emt 0:00:34]} 33. Re7+ {[%emt 0:00:46]} Kh6 {[%emt 0:00:26]} 34. g4 {[%emt 0:01:23]} Ne4 {[%emt 0:01:23]} 35. Qxg6+ {[%emt 0:01:45]} Bxg6 {[%emt 0:00:17]} 36. Re1 {[%emt 0:01:05]} a3 {[%emt 0:00:46]} 37. bxa3 {[%emt 0:00:41]} Nxc3 {[%emt 0:01:14]} 38. Rb7 {[%emt 0:00:56]} Be4 {[%emt 0:01:55]} 39. Rb6+ {[%emt 0:00:42]} Kg7 {[%emt 0:00:26]} 40. f3 {[%emt 0:01:28]} Bxf3 {[%emt 0:01:14]} 41. Re5 {[%emt 0:05:08]} Ne4 {[%emt 0:01:52]} 42. Rb7+ {[%emt 0:05:12]} Kg8 {[%emt 0:01:27]} 43. Rxe4 {[%emt 0:05:06]} Bxe4 {[%emt 0:01:24]} 44. Rxb5 {[%emt 0:01:07]} Rc1+ {[%emt 0:00:39]} 45. Kf2 {[%emt 0:00:44]} Rc3 {[%emt 0:08:14]} 46. Rxg5+ {[%emt 0:00:48]} Kh7 {[%emt 0:00:36]} 47. Re5 {[%emt 0:01:07]} Bb1 {[%emt 0:01:06]} 48. Re3 {[%emt 0:01:13]} Rc2+ {[%emt 0:00:44]} 49. Re2 {[%emt 0:01:31]} Rc3 {[%emt 0:00:14]} 50. Re3 {[%emt 0:01:02]} Rc2+ {[%emt 0:00:20]} 51. Re2 {[%emt 0:00:22]} Rc3 {[%emt 0:00:10]} 1/2-1/2

[Event "Fagernes International 2022"]
[Site "Fagernes"]
[Date "2022.04.12"]
[Round "3.14"]
[White "Ji, Jiahao Eric"]
[Black "Ji, Jiabao Eivind"]
[Result "1-0"]
[WhiteElo "1664"]
[BlackElo "1437"]
[Annotator "NA RC"]
[PlyCount "49"]
[EventDate "2022.04.10"]
[EventCountry "NOR"]
[SourceTitle "playchess.com"]
[Source "ChessBase"]
[SourceQuality "1"]

1. e4 {[%emt 0:00:12]} e5 {[%emt 0:00:29]} 2. Nf3 {[%emt 0:00:05]} Nc6 {[%emt 0:00:44]} 3. d4 {[%emt 0:00:17]} d6 {[%emt 0:02:19]} 4. dxe5 {[%emt 0:00:11]} Nxe5 {[%emt 0:00:46]} 5. Nxe5 {[%emt 0:00:05]} dxe5 {[%emt 0:00:06]} 6. Qxd8+ {[%emt 0:00:30]} Kxd8 {[%emt 0:00:08]} 7. Nc3 {[%emt 0:00:11]} c6 {[%emt 0:00:16]} 8. Bc4 {[%emt 0:00:54]} f6 {[%emt 0:01:47]} 9. Be3 {[%emt 0:01:05]} Kc7 {[%emt 0:01:04]} 10. a3 {[%emt 0:03:34]} Bg4 {[%emt 0:02:36]} 11. h3 {[%emt 0:01:02]} Bh5 {[%emt 0:00:09]} 12. g4 {[%emt 0:00:38]} Bg6 {[%emt 0:04:48]} 13. O-O-O {[%emt 0:01:54]} b5 {[%emt 0:02:31]} 14. Be6 {[%emt 0:00:39]} Re8 {[%emt 0:08:46]} 15. Rd7+ {[%emt 0:00:59]} Kb8 {[%emt 0:05:22]} 16. Rhd1 {[%emt 0:02:03]} Be7 {[%emt 0:01:15]} 17. Bxa7+ {[%emt 0:00:56]} Ka8 {[%emt 0:00:22]} 18. Nxb5 {[%emt 0:01:03]} Rc8 {[%emt 0:03:22]} 19. Bb6 {[%emt 0:02:39]} Kb8 {[%emt 0:03:50]} 20. Na7 {[%emt 0:05:54]} f5 {[%emt 0:03:40]} 21. Nxc8 {[%emt 0:01:29]} Bg5+ {[%emt 0:00:48]} 22. Kb1 {[%emt 0:00:16]} Nf6 {[%emt 0:01:21]} 23. Ba7+ {[%emt 0:00:17]} Kxc8 {[%emt 0:00:10]} 24. Rxg7+ {[%emt 0:00:52]} Nd7 {[%emt 0:00:27]} 25. Rgxd7 {[%emt 0:00:15]} 1-0

[Event "Fagernes International 2022"]
[Site "Fagernes"]
[Date "2022.04.12"]
[Round "3.15"]
[White "Cross, Jamie"]
[Black "Selvik, Elma"]
[Result "1-0"]
[WhiteElo "1735"]
[BlackElo "1392"]
[Annotator "NA RC"]
[PlyCount "63"]
[EventDate "2022.04.10"]
[EventCountry "NOR"]
[SourceTitle "playchess.com"]
[Source "ChessBase"]
[SourceQuality "1"]

1. d4 {[%emt 0:01:52]} d5 {[%emt 0:00:17]} 2. Bf4 {[%emt 0:00:06]} c6 {[%emt 0:00:35]} 3. e3 {[%emt 0:00:11]} Nf6 {[%emt 0:01:11]} 4. Nf3 {[%emt 0:00:19]} Bg4 {[%emt 0:01:25]} 5. Nbd2 {[%emt 0:00:36]} e6 {[%emt 0:00:44]} 6. h3 {[%emt 0:00:10]} Bxf3 {[%emt 0:02:02]} 7. Nxf3 {[%emt 0:03:05]} Nbd7 {[%emt 0:01:07]} 8. Bd3 {[%emt 0:00:55]} c5 {[%emt 0:01:53]} 9. c3 {[%emt 0:00:35]} Be7 {[%emt 0:01:25]} 10. Ne5 {[%emt 0:02:48]} O-O {[%emt 0:04:27]} 11. Qb1 {[%emt 0:04:51]} h6 {[%emt 0:08:56]} 12. g4 {[%emt 0:02:01]} cxd4 {[%emt 0:06:17]} 13. exd4 {[%emt 0:00:27]} Nxe5 {[%emt 0:04:41]} 14. Bxe5 {[%emt 0:03:45]} Nd7 {[%emt 0:04:01]} 15. Bg3 {[%emt 0:09:16]} Bh4 {[%emt 0:07:18]} 16. Qc2 {[%emt 0:03:43]} Qf6 {[%emt 0:06:21]} 17. Bxh4 {[%emt 0:02:42]} Qxh4 {[%emt 0:00:27]} 18. O-O-O {[%emt 0:00:16]} Qg5+ {[%emt 0:06:27]} 19. Kb1 {[%emt 0:00:27]} a6 {[%emt 0:03:59]} 20. Rdg1 {[%emt 0:05:37]} Qf4 {[%emt 0:35:33]} 21. g5 {[%emt 0:08:44]} hxg5 {[%emt 0:05:55]} 22. Rg4 {[%emt 0:01:59]} Qf3 {[%emt 0:04:27]} 23. Rhg1 {[%emt 0:00:40]} Qxh3 {[%emt 0:01:45]} 24. Rxg5 {[%emt 0:01:02]} Qh6 {[%emt 0:00:40]} 25. Qc1 {[%emt 0:01:40]} Nf6 {[%emt 0:00:38]} 26. Rxg7+ {[%emt 0:01:04]} Qxg7 {[%emt 0:00:26]} 27. Rxg7+ {[%emt 0:00:08]} Kxg7 {[%emt 0:00:32]} 28. Qg5+ {[%emt 0:00:06]} Kh8 {[%emt 0:00:33]} 29. Qxf6+ {[%emt 0:00:09]} Kg8 {[%emt 0:00:26]} 30. Qg5+ {[%emt 0:00:07]} Kh8 {[%emt 0:00:32]} 31. Qh6+ {[%emt 0:00:08]} Kg8 {[%emt 0:00:17]} 32. Qh7# {[%emt 0:00:10]} 1-0

[Event "Fagernes International 2022"]
[Site "Fagernes"]
[Date "2022.04.12"]
[Round "3.16"]
[White "Helgoy, Hakon"]
[Black "Albrigtsen, Tord"]
[Result "1-0"]
[WhiteElo "1732"]
[BlackElo "1300"]
[Annotator "NA RC"]
[PlyCount "57"]
[EventDate "2022.04.10"]
[EventCountry "NOR"]
[SourceTitle "playchess.com"]
[Source "ChessBase"]
[SourceQuality "1"]

1. e4 {[%emt 0:00:54]} e5 {[%emt 0:00:10]} 2. Nf3 {[%emt 0:00:05]} Nc6 {[%emt 0:00:10]} 3. d4 {[%emt 0:00:09]} exd4 {[%emt 0:00:11]} 4. Nxd4 {[%emt 0:00:04]} Bc5 {[%emt 0:00:18]} 5. Be3 {[%emt 0:00:07]} Qf6 {[%emt 0:00:43]} 6. c3 {[%emt 0:00:12]} Nxd4 {[%emt 0:01:16]} 7. cxd4 {[%emt 0:01:05]} Bb4+ {[%emt 0:00:08]} 8. Nc3 {[%emt 0:00:10]} d6 {[%emt 0:00:08]} 9. Qa4+ {[%emt 0:00:36]} Bd7 {[%emt 0:01:56]} 10. Qxb4 {[%emt 0:00:47]} b6 {[%emt 0:01:07]} 11. Bb5 {[%emt 0:01:06]} c6 {[%emt 0:00:27]} 12. Be2 {[%emt 0:01:00]} Ne7 {[%emt 0:01:11]} 13. O-O {[%emt 0:00:35]} O-O {[%emt 0:00:16]} 14. f4 {[%emt 0:01:47]} c5 {[%emt 0:01:36]} 15. Qc4 {[%emt 0:00:30]} cxd4 {[%emt 0:25:47]} 16. Qxd4 {[%emt 0:02:52]} Qxd4 {[%emt 0:00:39]} 17. Bxd4 {[%emt 0:00:16]} Nc6 {[%emt 0:00:14]} 18. Rad1 {[%emt 0:00:47]} f5 {[%emt 0:07:44]} 19. Bc4+ {[%emt 0:02:06]} Kh8 {[%emt 0:00:09]} 20. e5 {[%emt 0:01:11]} dxe5 {[%emt 0:00:48]} 21. Bxe5 {[%emt 0:01:36]} Nxe5 {[%emt 0:00:09]} 22. fxe5 {[%emt 0:00:13]} Bc6 {[%emt 0:00:42]} 23. Bd5 {[%emt 0:00:22]} Bxd5 {[%emt 0:00:07]} 24. Nxd5 {[%emt 0:00:26]} Rac8 {[%emt 0:01:36]} 25. e6 {[%emt 0:00:37]} Rfe8 {[%emt 0:00:25]} 26. e7 {[%emt 0:00:30]} g6 {[%emt 0:03:59]} 27. Rc1 {[%emt 0:02:33]} Kg7 {[%emt 0:05:32]} 28. Rxc8 {[%emt 0:00:45]} Rxc8 {[%emt 0:00:07]} 29. Nc7 {[%emt 0:00:17]} 1-0

[Event "Fagernes International 2022"]
[Site "Fagernes"]
[Date "2022.04.12"]
[Round "3.17"]
[White "Schneider, Andrea"]
[Black "Vangen, David Luangtep"]
[Result "0-1"]
[WhiteElo "1217"]
[BlackElo "1665"]
[Annotator "NA RC"]
[PlyCount "64"]
[EventDate "2022.04.10"]
[EventCountry "NOR"]
[SourceTitle "playchess.com"]
[Source "ChessBase"]
[SourceQuality "1"]

1. d4 {[%emt 0:00:03]} Nf6 {[%emt 0:04:20]} 2. c4 {[%emt 0:00:07]} g6 {[%emt 0:00:06]} 3. Nc3 {[%emt 0:00:10]} d5 {[%emt 0:00:05]} 4. cxd5 {[%emt 0:00:21]} Nxd5 {[%emt 0:00:09]} 5. e4 {[%emt 0:00:09]} Nxc3 {[%emt 0:00:06]} 6. bxc3 {[%emt 0:00:08]} Bg7 {[%emt 0:01:45]} 7. Bc4 {[%emt 0:02:15]} O-O {[%emt 0:02:22]} 8. Ne2 {[%emt 0:01:06]} c5 {[%emt 0:03:40]} 9. O-O {[%emt 0:05:20]} Qc7 {[%emt 0:06:44]} 10. d5 {[%emt 0:09:49]} a6 {[%emt 0:14:51]} 11. a4 {[%emt 0:08:56]} Nd7 {[%emt 0:07:47]} 12. Bf4 {[%emt 0:06:31]} Qa5 {[%emt 0:03:09]} 13. Qd2 {[%emt 0:01:38]} Rd8 {[%emt 0:04:59]} 14. Rfb1 {[%emt 0:08:46]} Ne5 {[%emt 0:06:31]} 15. Bxe5 {[%emt 0:02:22]} Bxe5 {[%emt 0:03:32]} 16. f4 Bg7 {[%emt 0:01:22]} 17. Qe3 {[%emt 0:08:50]} Bg4 {[%emt 0:15:45]} 18. Ra3 {[%emt 0:08:44]} b5 {[%emt 0:05:13]} 19. Qxc5 {[%emt 0:06:24]} Rdc8 {[%emt 0:07:10]} 20. axb5 {[%emt 0:06:06]} Rxc5 {[%emt 0:00:19]} 21. Rxa5 {[%emt 0:00:13]} Rxc4 {[%emt 0:00:10]} 22. Ng3 {[%emt 0:00:45]} Bxc3 {[%emt 0:00:41]} 23. Rxa6 {[%emt 0:00:26]} Rb8 {[%emt 0:04:03]} 24. h3 {[%emt 0:03:44]} Bc8 {[%emt 0:02:00]} 25. Rc6 {[%emt 0:00:29]} Rxc6 {[%emt 0:06:58]} 26. dxc6 {[%emt 0:00:12]} Ba5 {[%emt 0:01:22]} 27. f5 {[%emt 0:03:57]} Ba6 {[%emt 0:01:32]} 28. Rc1 {[%emt 0:02:41]} Bxb5 {[%emt 0:00:20]} 29. c7 {[%emt 0:00:28]} Rc8 {[%emt 0:00:12]} 30. Rb1 {[%emt 0:00:10]} Bd7 {[%emt 0:00:51]} 31. Rb8 {[%emt 0:00:58]} Bxc7 {[%emt 0:00:11]} 32. Rxc8+ {[%emt 0:00:07]} Bxc8 {[%emt 0:00:06]} 0-1

[Event "Fagernes International 2022"]
[Site "Fagernes"]
[Date "2022.04.12"]
[Round "3.18"]
[White "Tiupenko, Mihail"]
[Black "Vatneodegard, Marie"]
[Result "1-0"]
[WhiteElo "1621"]
[BlackElo "1060"]
[Annotator "NA RC"]
[PlyCount "69"]
[EventDate "2022.04.10"]
[EventCountry "NOR"]
[SourceTitle "playchess.com"]
[Source "ChessBase"]
[SourceQuality "1"]

1. e4 {[%emt 0:00:03]} c5 {[%emt 0:00:09]} 2. Nf3 {[%emt 0:00:15]} g6 {[%emt 0:00:18]} 3. d4 {[%emt 0:00:50]} cxd4 {[%emt 0:00:22]} 4. Qxd4 {[%emt 0:00:54]} Nf6 {[%emt 0:00:27]} 5. e5 {[%emt 0:01:09]} Nc6 {[%emt 0:00:35]} 6. Qa4 {[%emt 0:03:24]} Nd5 {[%emt 0:00:51]} 7. Bc4 {[%emt 0:01:19]} Nb6 {[%emt 0:05:06]} 8. Qb3 {[%emt 0:02:26]} Nxc4 {[%emt 0:00:36]} 9. Qxc4 {[%emt 0:00:10]} Bg7 {[%emt 0:00:22]} 10. O-O {[%emt 0:01:47]} Nxe5 {[%emt 0:03:26]} 11. Nxe5 {[%emt 0:00:27]} Bxe5 {[%emt 0:00:10]} 12. Re1 {[%emt 0:00:39]} Bg7 {[%emt 0:01:02]} 13. Bg5 {[%emt 0:00:21]} f6 {[%emt 0:04:03]} 14. Bf4 {[%emt 0:01:10]} d5 {[%emt 0:01:45]} 15. Qe2 {[%emt 0:04:10]} Kf7 {[%emt 0:07:23]} 16. Nc3 {[%emt 0:01:51]} Re8 {[%emt 0:02:24]} 17. Qf3 {[%emt 0:00:33]} e6 {[%emt 0:01:11]} 18. Nb5 {[%emt 0:02:22]} e5 {[%emt 0:04:55]} 19. Bxe5 {[%emt 0:01:17]} Kg8 {[%emt 0:01:56]} 20. Bg3 {[%emt 0:01:15]} Rxe1+ {[%emt 0:06:35]} 21. Rxe1 {[%emt 0:00:12]} Bf5 {[%emt 0:00:42]} 22. Nc7 {[%emt 0:05:08]} Be4 {[%emt 0:02:54]} 23. Qb3 {[%emt 0:00:48]} Rc8 {[%emt 0:02:24]} 24. Rxe4 {[%emt 0:00:43]} Qd7 {[%emt 0:06:13]} 25. Nxd5 {[%emt 0:04:47]} Kh8 {[%emt 0:01:34]} 26. h3 {[%emt 0:01:14]} Re8 {[%emt 0:01:06]} 27. Rxe8+ {[%emt 0:00:48]} Qxe8 {[%emt 0:00:12]} 28. Qxb7 {[%emt 0:00:28]} Qe1+ {[%emt 0:02:28]} 29. Kh2 {[%emt 0:00:05]} Qe8 {[%emt 0:00:26]} 30. Qxa7 {[%emt 0:00:10]} f5 {[%emt 0:00:23]} 31. Qb8 {[%emt 0:00:52]} Qxb8 {[%emt 0:01:41]} 32. Bxb8 {[%emt 0:00:06]} Bxb2 {[%emt 0:00:10]} 33. a4 {[%emt 0:00:03]} Bd4 {[%emt 0:02:26]} 34. a5 {[%emt 0:00:09]} Bxf2 {[%emt 0:00:22]} 35. a6 {[%emt 0:00:05]} 1-0

[Event "Fagernes International 2022"]
[Site "Fagernes"]
[Date "2022.04.12"]
[Round "3.19"]
[White "Skogholt, Steinar Dieseth"]
[Black "Langvik, Ulrikke"]
[Result "0-1"]
[WhiteElo "1105"]
[BlackElo "1579"]
[Annotator "NA RC"]
[PlyCount "110"]
[EventDate "2022.04.10"]
[EventCountry "NOR"]
[SourceTitle "playchess.com"]
[Source "ChessBase"]
[SourceQuality "1"]

1. d4 {[%emt 0:01:47]} d5 {[%emt 0:00:08]} 2. Bf4 {[%emt 0:00:07]} c5 {[%emt 0:00:17]} 3. c3 {[%emt 0:00:14]} Nc6 {[%emt 0:01:04]} 4. Nf3 {[%emt 0:00:17]} Nf6 {[%emt 0:05:55]} 5. Nbd2 {[%emt 0:03:32]} e6 {[%emt 0:04:43]} 6. e3 {[%emt 0:03:17]} Bd7 {[%emt 0:12:39]} 7. Bd3 {[%emt 0:04:14]} c4 {[%emt 0:03:10]} 8. Bc2 {[%emt 0:07:10]} Be7 {[%emt 0:02:59]} 9. e4 {[%emt 0:04:23]} dxe4 {[%emt 0:11:47]} 10. Nxe4 {[%emt 0:00:23]} Nxe4 {[%emt 0:07:49]} 11. Bxe4 {[%emt 0:00:15]} g5 {[%emt 0:05:44]} 12. Be5 {[%emt 0:04:31]} Nxe5 {[%emt 0:09:04]} 13. Nxe5 {[%emt 0:00:20]} Qc7 {[%emt 0:11:02]} 14. Qh5 {[%emt 0:02:17]} O-O-O {[%emt 0:01:44]} 15. Qxf7 {[%emt 0:03:24]} Bd6 {[%emt 0:04:10]} 16. Nxd7 {[%emt 0:01:49]} Rxd7 {[%emt 0:03:32]} 17. Qxe6 {[%emt 0:02:06]} Kb8 {[%emt 0:02:05]} 18. f3 {[%emt 0:03:59]} Bxh2 {[%emt 0:05:03]} 19. O-O-O {[%emt 0:02:18]} Bf4+ {[%emt 0:01:38]} 20. Kb1 {[%emt 0:00:20]} h5 {[%emt 0:01:07]} 21. Bf5 {[%emt 0:00:47]} Rd6 {[%emt 0:03:31]} 22. Qe2 Ra6 {[%emt 0:00:51]} 23. d5 {[%emt 0:02:50]} h4 {[%emt 0:01:38]} 24. Rd4 {[%emt 0:01:36]} b5 {[%emt 0:01:38]} 25. Rhd1 {[%emt 0:01:57]} Rd8 {[%emt 0:00:50]} 26. Qe4 {[%emt 0:01:48]} Be5 {[%emt 0:02:35]} 27. R4d2 {[%emt 0:00:25]} Bf4 {[%emt 0:00:02]} 28. Re2 {[%emt 0:00:31]} Rad6 {[%emt 0:01:27]} 29. Be6 {[%emt 0:01:02]} Qc5 {[%emt 0:00:38]} 30. Qh7 {[%emt 0:01:51]} Qb6 {[%emt 0:00:33]} 31. Qe7 {[%emt 0:01:27]} Qc5 {[%emt 0:00:44]} 32. Qf7 {[%emt 0:03:35]} Qb6 {[%emt 0:00:35]} 33. Qe7 {[%emt 0:02:13]} Qc5 {[%emt 0:00:06]} 34. Qf7 {[%emt 0:00:17]} Qb6 {[%emt 0:00:53]} 35. Qe7 {[%emt 0:00:09]} a5 {[%emt 0:01:26]} 36. Qh7 {[%emt 0:03:59]} Rxe6 {[%emt 0:01:42]} 37. Qc2 {[%emt 0:01:31]} Rxe2 {[%emt 0:00:55]} 38. Qxe2 {[%emt 0:00:05]} Qe3 {[%emt 0:00:13]} 39. Qc2 {[%emt 0:00:15]} Qe5 {[%emt 0:00:58]} 40. Qg6 {[%emt 0:00:37]} Qd6 {[%emt 0:01:36]} 41. Qe4 {[%emt 0:01:26]} Kc7 {[%emt 0:01:11]} 42. Qd4 {[%emt 0:00:18]} Kb7 {[%emt 0:03:50]} 43. a3 {[%emt 0:02:06]} Be5 {[%emt 0:09:47]} 44. Qe4 {[%emt 0:00:50]} Bf4 {[%emt 0:04:35]} 45. Qe2 {[%emt 0:01:51]} Qe5 {[%emt 0:00:36]} 46. Qf2 {[%emt 0:00:36]} Rxd5 {[%emt 0:00:41]} 47. Re1 {[%emt 0:01:12]} Qd6 {[%emt 0:05:29]} 48. Qc2 {[%emt 0:00:50]} Rd3 {[%emt 0:01:47]} 49. Ka2 {[%emt 0:00:57]} Kc6 {[%emt 0:05:48]} 50. Re8 {[%emt 0:02:58]} Bd2 {[%emt 0:01:46]} 51. Rc8+ {[%emt 0:02:16]} Kd7 {[%emt 0:02:15]} 52. Ra8 {[%emt 0:01:42]} Bxc3 {[%emt 0:00:51]} 53. Qe2 {[%emt 0:00:56]} Be5 {[%emt 0:01:17]} 54. Ra7+ {[%emt 0:01:09]} Ke6 {[%emt 0:02:04]} 55. Qe4 {[%emt 0:04:51]} Rxa3+ {[%emt 0:01:20]} 0-1